000
00316nam a22001457a 4500
008
230320b ||||| |||| 00| 0 eng d
020
_a
9780802130983
041
_a
eng
080
_a
101
082
_a
101EUG
100
_a
44
101
_a
FILO
245
_a
RHINOCEROS & OTHER PLAYS
_c
EUGENE I
942
_2
udc
_c
BK
999
_c
59399
_d
59399